000 00338nam a22001457a 4500
003 OSt
008 240131b |||||||| |||| 00| 0 eng d
020 _a9780143130994
100 _aTAITZ,Jennifer L
245 _aHow to be Single and Happy
250 _a1st Ed
260 _aNew York
_bPenguin
_c2018
300 _a239
942 _2ddc
_cREF
999 _c12214
_d12214